|
|
|
|
| LEADER |
00000cam a2200000 a 4500 |
| 001 |
vtls001458195 |
| 003 |
SK-MaSNL |
| 005 |
20260302061741.0 |
| 008 |
240313s2002 xo ag r 000 0 slo |
| 015 |
|
|
|a SNBA2004/02-00710
|
| 020 |
|
|
|a 8071623962
|
| 035 |
|
|
|a SNK000413502
|
| 035 |
|
|
|a urn:nbn:sk:snk-amyf39
|
| 035 |
|
|
|a urn:nbn:sk:snk-am00chwf
|
| 035 |
|
|
|a 67F47EB6-3C87-4AA2-8C05-8EB6487E2676
|
| 040 |
|
|
|a SNK
|b slo
|c SNK
|e AACR2
|
| 041 |
0 |
|
|a slo
|
| 044 |
|
|
|a xo
|c SK
|
| 072 |
|
7 |
|a 27
|x Kresťanstvo. Kresťanská cirkev všeobecne. Ekleziológia
|2 konspekt
|
| 080 |
|
|
|a 37.016:271(075.2)
|2 2. slo
|
| 080 |
|
|
|a 268:281(075.2)
|2 2. slo
|
| 100 |
1 |
|
|a Muráňová, Mária,
|d 1932-2008
|4 aut
|9 207423
|
| 245 |
1 |
0 |
|a Ako ďalej žiť?
|b učebnica katolíckeho náboženstva pre ôsmy ročník základnej školy (východný obrad)
|c Mária Muráňová
|
| 250 |
|
|
|a 3. vyd.
|
| 260 |
|
|
|a Trnava
|b Spolok svätého Vojtecha
|c 2002
|
| 300 |
|
|
|a 174 s.
|b fotogr., ilustr., noty
|c 30 cm
|
| 650 |
0 |
7 |
|a náboženská výchova
|2 SNKPH
|9 67239
|
| 650 |
0 |
7 |
|a gréckokatolícke náboženstvo
|2 SNKPH
|9 67893
|
| 655 |
|
7 |
|a učebnice základných škôl
|2 SNKPH
|9 70187
|
| 852 |
|
|
|a Slovenská národná knižnica
|
| 919 |
|
|
|a 80-7162-396-2
|
| 958 |
0 |
7 |
|a NT
|
| 958 |
|
|
|a OND
|
| 968 |
|
|
|d 37
|
| 999 |
|
|
|c 1126622
|d 1128552
|
| 952 |
|
|
|t P60, <03>, [BOOK], {603}
|a SNK
|b SNK
|y PREZ
|7 0
|p 17A0393292
|o snkSB 67090
|i snkKSP 9952/2003
|0 0
|1 0
|4 0
|d 2003-08-11
|f 1
|l 0
|r 2025-04-23 00:00:00
|w 2026-02-24
|
| 952 |
|
|
|t P60, <04>, [BOOK], {604}
|a SNK
|b SNK
|y VYP
|7 0
|p 17A0393294
|o snkSB 67090 D1
|i snkKSP 9953/2003
|0 0
|1 0
|4 0
|d 2003-08-11
|l 0
|r 2005-01-02 00:00:00
|w 2026-02-24
|